| 000 | 00889nam a2200217Ia 4500 | ||
|---|---|---|---|
| 001 | 15760 | ||
| 003 | GE_BSU | ||
| 008 | 181216s||||||||xx |||||||||||||| ||und|| | ||
| 040 | _cGE_BSU | ||
| 080 | _a821.353.1-311.6 + 821.353.1-11 | ||
| 245 | _aხამს მოყვარე მოყვრისათვის | ||
| 245 | _bისტ. მოთხრობები და პოემა | ||
| 245 | _cკრებული შეადგინა ელგუჯა მაღრაძემ. რედ. რ არჯევანიძე | ||
| 260 | _aთბილისი | ||
| 260 | _bნაკადული | ||
| 260 | _c1966 | ||
| 300 | _a244გვ. : ილ., 1ფ. ილ. ; 17სმ | ||
| 653 | _aისტ. მოთხრობები და პოემა | ||
| 653 | _aხამს მოყვარე მოყვრისათვის | ||
| 942 | _cBK | ||
| 999 |
_c48858 _d48858 |
||